Library Banner

Hayat qadir = حیات قادر / (Record no. 134192)

MARC details
000 -LEADER
fixed length control field 00479nam a22001457a 4500
005 - DATE AND TIME OF LATEST TRANSACTION
control field 20240528101357.0
008 - FIXED-LENGTH DATA ELEMENTS--GENERAL INFORMATION
fixed length control field 240528b ||||| |||| 00| 0 eng d
040 ## - CATALOGING SOURCE
Transcribing agency PK-LaUMT
082 ## - DEWEY DECIMAL CLASSIFICATION NUMBER
Classification number APC 297.4092
Item number ABA-H
100 ## - MAIN ENTRY--PERSONAL NAME
Personal name Abaidullah Khan Durrani = عبیداللہ خاں درانی
245 ## - TITLE STATEMENT
Title Hayat qadir = حیات قادر /
Statement of responsibility, etc by Abaidullah Khan Durrani = عبیداللہ خاں درانی
260 ## - PUBLICATION, DISTRIBUTION, ETC. (IMPRINT)
Place of publication, distribution, etc Peshawar :
Name of publisher, distributor, etc Art Press,
Date of publication, distribution, etc 1964
300 ## - PHYSICAL DESCRIPTION
Extent 386 p.
942 ## - ADDED ENTRY ELEMENTS (KOHA)
Koha item type Books
Holdings
Withdrawn status Lost status Damaged status Home library Current library Date acquired Full call number Barcode Date last seen Price effective from Koha item type
      UMT Main Campus UMT Main Campus 2024-05-28 APC 297.4092 ABA-H 146033 2024-05-28 2024-05-28 Books